000 00922nam a2200277Ia 4500
003 OSt
005 20221007123935.0
006 a|||||r|||| 00| 0
007 ta
008 221006b |||||||| |||| 00| 0 eng d
020 _a9788131720592 (pbk)
024 _a82195
037 _b1039, 19/09/2008, Educational Book Agency (India)
_cTextbook
040 _aCDL
_cCDL
_beng
041 _2eng
_aeng
082 _aE:218:(C5:3), N9-;1 Carc
100 _aMchale Jeanne L
_9718168
245 0 _aMolecular spectroscopy
260 _aSouth
_bAsia Pearson Education
_c1999
300 _axv, 463p.
_ccm.
500 _aIncludes bibliographical references.; Index 449-463p.
650 _a Molecular spectroscopy
_9642631
650 _aChemistry
942 _hE:218:(C5:3), N9-;1 Carc
_cTB
_2CC
999 _c1212686
_d1212686